| 000 | 00665nam a22002057a 4500 | ||
|---|---|---|---|
| 003 | OSt | ||
| 005 | 20260131155551.0 | ||
| 008 | 260131b |||||||| |||| 00| 0 eng d | ||
| 020 | _a9781284178395 Pbk. Bp. | ||
| 040 |
_aMMSU _cULS |
||
| 050 | _aKF 3821 P36 2023 CHS | ||
| 100 | _aPaola, Frederick Adolf | ||
| 245 |
_aEthical & legal aspects of health care practice / _cFrederick Adolf Paola. |
||
| 250 | _aFirst edition. | ||
| 260 |
_aBurlington, MA : _bJones & Bartlett Learning, _c2023. |
||
| 300 |
_axxi, 201 pages : _billustrations ; _c23 cm. |
||
| 504 | _aIncludes index. | ||
| 650 |
_aMedical care _vLaw and legislation _zUnited States. |
||
| 942 |
_2lcc _cBK |
||
| 999 |
_c28776 _d28776 |
||